000 00302nam a2200121Ia 4500
008 180117s9999 xx 000 0 und d
100 _aby Larry P Fabian
245 _aNorthern Warriors
260 _c2017
300 _a14-17 pages, 2017 June 11
440 _aPhilippine Panorama
650 _aWARRIORS
999 _c353388
_d353388